000 00173nam a22000857a 4500
999 _c12411
_d12411
082 _a330.917
100 _aUmar Latif
245 _aPrinciples of Islamic Economics
942 _cBK